000 00232nam a22001097a 4500
082 _a621.462 MON'I
100 _aMONK, S. G
_973691
245 _aINDUCTION MOTORS
260 _aLONDON
_bBLACKIE
_c1946
300 _a134P
942 _cBK
999 _c579342
_d579342